| 000 | 00480nam a2200157Ia 4500 | ||
|---|---|---|---|
| 008 | 220216s9999 xx 000 0 und d | ||
| 100 | _aHav S | ||
| 245 | 0 | _aComparative studies on yield potential of some Hevea clones in Cambodia | |
| 260 | _bPreprints of Papers. International Natural Rubber Conference 13-14 November 2006, Vietnam, pp.88. | ||
| 650 | _aCambodia | ||
| 650 | _aClones | ||
| 650 | _aYield potential | ||
| 700 | _aChhek C | ||
| 700 | _aLacote R | ||
| 942 | _cJS | ||
| 999 |
_c55955 _d55955 |
||